« Retourner aux résultats de recherche
Aux comptoirs du cosmos
| Auteur principal: | Poul Anderson |
|---|---|
| D'autres auteurs: | Jean-Daniel Brèque |
| Support: | Livres |
| Langue: | Francais |
| Publié: |
2017 le Bélial Avon (Seine-et-Marne) |
| Series: |
La Hanse galactique |
| Genre: |
Science Fiction |
| Collection: |
La Hanse galactique |
| Sujets: | |
| Étiquettes: |
Ajouter
Pas de Tags !
|
| LEADER | 01221nam0a2200229 450 | ||
|---|---|---|---|
| 001 | 16830170 | ||
| 010 | |a 978-2-84344-921-5 |b br. |d 20 | ||
| 100 | |a 20170613d2017 u u0frey01 ba | ||
| 101 | 1 | |a fre |c eng | |
| 102 | |a FR | ||
| 200 | 0 | |a Aux comptoirs du cosmos |f Poul Anderson |g traduit de l'américain par et sous la direction de Jean-Daniel Brèque | |
| 207 | 1 | |a | |
| 210 | |a Avon (Seine-et-Marne) |c le Bélial |d 2017 | ||
| 215 | |a 1 vol. (300 p.) |d 21 x 14 cm | ||
| 225 | 1 | |a La Hanse galactique |v 02 | |
| 330 | |a Tomaison. Cinq histoires dans lesquelles Nicholas van Rijn, le prince-marchand, doit résoudre un mystère zoologique à bord d'un astronef inconnu, faire face à un employé plus rusé qu'il n'y paraît ou encore lutter contre le fanatisme religieux sur une planète hostile. Il s'adjoint les services de David Falkayn, un apprenti de la Compagnie solaire des épices et liqueurs qui devient un valeureux agent. | ||
| 461 | 0 | |t La Hanse galactique |v 02 | |
| 700 | 0 | |a Anderson |b Poul |4 70 | |
| 702 | 0 | |a Brèque |b Jean-Daniel |f 1954-.... |4 730 | |
| 900 | |a Science Fiction | ||
| 901 | |a Accessible au prêt | ||
| 995 | |a Bibliothèque |c Bibliothèque |f 00156003489267 |h 00156003489267 |k SF AND HAN 2 |o p |q a |r az |e Bibliothèque | ||
